[Event "Muensterland Verbandsklasse-A 0809"]
[Site "Germany"]
[Date "2009.01.10"]
[Round "5.6"]
[White "Moeller, Christian"]
[Black "Waeltermann, Thomas"]
[Result "1/2-1/2"]
[WhiteElo "1722"]
[BlackElo "1747"]
[PlyCount "27"]
[EventDate "2008.09.13"]
[EventType "team-tourn"]
[EventRounds "9"]
[EventCountry "GER"]
[SourceTitle "EXT 2010"]
[Source "ChessBase"]
[SourceDate "2010.11.25"]
[SourceVersion "1"]
[SourceVersionDate "2010.11.25"]
[SourceQuality "1"]
[WhiteTeam "Ibbenbueren"]
[BlackTeam "Beelen"]
[WhiteTeamCountry "GER"]
[BlackTeamCountry "GER"]

1. e4 c5 2. Nf3 d6 3. d4 cxd4 4. Nxd4 a6 5. Nc3 e5 6. Nb3 Be6 7. Be3 Nf6 8. Be2 Nc6 9. Bg5 Be7 10. Qd2 h6 11. Be3 b5 12. f3 d5 13. exd5 Nxd5 14. Nxd5 1/2-1/2